Way Down Hadestown - Hadestown - Statistics

General Stats
  • This quiz has been taken 48 times
  • The average score is 413 of 512
Answer Stats
Role Lyric % Correct
a
100%
Chorus A
100%
do
100%
Hades
100%
Hadestown
100%
he
100%
Hades I
100%
it
100%
It
100%
the
100%
The
100%
be
97%
down
97%
Persephone Down
97%
Hell
97%
hell
97%
Hell,
97%
is
97%
no
97%
Hermes On
97%
on!
97%
on
97%
road
97%
Road
97%
Persephone That
97%
that
97%
there
97%
Hermes There
97%
there,
97%
to
97%
To
97%
way
97%
(Chorus) | (Hermes) | Chorus Way
97%
who
97%
you
97%
You
97%
your
97%
Chorus An
94%
an
94%
ever
94%
go
94%
ground
94%
of
94%
Of
94%
railroad
94%
under
94%
was
94%
and
91%
Hermes | Persephone And
91%
come
91%
end
91%
it's
91%
It's
91%
line
91%
months!
91%
not
91%
Persephone Oh,
91%
six
91%
track
91%
what
91%
wonder
91%
Fates Every
88%
like
88%
ride
88%
Chorus Ride
88%
they
88%
They
88%
time
88%
train
88%
Train
88%
Fates Better
85%
better
85%
get
85%
gonna
85%
Gonna
85%
in
85%
King
85%
king
85%
for
82%
how
82%
make
82%
man
82%
(Persephone) Sing
82%
suitcase
82%
Fates | Hermes All
79%
missed
79%
or
79%
Where
79%
Persephone You're
79%
from
76%
from?
76%
guess
76%
his
76%
other
76%
side?
76%
side
76%
some
76%
about
74%
Ain't
74%
below
74%
by
74%
comin'
74%
coming
74%
early
74%
Everybody
74%
everybody
74%
me
74%
Fates | Hermes Mr.
74%
packed,
74%
Hermes She's
74%
singing
74%
anymore
71%
difference
71%
don't
71%
door
71%
either
71%
have
71%
been
68%
But
68%
car
68%
makes
68%
mighty
68%
Mine
68%
my
68%
out
68%
same
68%
saw
68%
ticket
68%
back
65%
Brother,
65%
feels
65%
Hear
65%
I'll
65%
Eurydice Kind
65%
long
65%
looked
65%
making
65%
Must
65%
through
65%
aboard
62%
A-two
62%
big
62%
bored
62%
bunch
62%
everything
62%
Follow
62%
Just
62%
lot
62%
old
62%
penny
62%
stepped
62%
think
62%
those
62%
throne
62%
well
62%
A-one,
59%
'Cause
59%
deals
59%
death
59%
eye
59%
eye!
59%
fruit
59%
Give
59%
import
59%
little
59%
medicine
59%
owns
59%
Seems
59%
stuff
59%
three,
59%
two,
59%
vine
59%
whistle
59%
wishing
59%
call
56%
Far
56%
mean
56%
morphine
56%
myself
56%
Takes
56%
they'd
56%
'til
56%
tin
56%
wall
56%
wintertime
56%
Persephone With
56%
yonder
56%
blow
53%
bottom
53%
crate
53%
entertain
53%
high
53%
opened
53%
silver
53%
underside?
53%
up
53%
forget
50%
nigh
50%
Persephone Winter's
50%
work
50%
a-rollin,
47%
away
47%
boss
47%
bring
47%
graveyard
47%
hard
47%
heads
47%
home
47%
hungry
47%
husband
47%
sound
47%
stiffs
47%
summer's
47%
tails
47%
them
47%
four
44%
goin'
44%
lie
44%
lie!
44%
nickel
44%
soul
44%
Did
41%
golden
41%
lonesome
41%
nothing
41%
o'er
41%
shiny
41%
tired
41%
tryin'
41%
brow
38%
chromium
38%
coming
38%
cost
38%
dollar
38%
drum
38%
wage
38%
scale
35%
Chorus Sold!
35%
sweat
35%
wheel
35%
cell
32%
dog
32%
howl
32%
poorhouse
32%
sale
32%
Chorus Thrown!
32%
clickety-clack
29%
Hound
29%
weighs
29%
squeals
26%
slaves
21%
groans
15%
No matching quizzes found
Score Distribution
Percent of People with Each Score
Percentile by Number Answered
Your Score History
You have not taken this quiz